000 00219nam a2200085Ia 4500
008 120527s9999 xx 000 0 und d
100 _aAyers, David
245 _aExperiencing: an iintroduction uisng microcase
942 _cBK
999 _c27689
_d27689